| Tag |
First Indicator |
Second Indicator |
Subfields |
| LEADER |
00000nam a2200000 i 4500 |
| 001 |
in00004642002 |
| 006 |
m o d f |
| 007 |
cr ||||||||||| |
| 008 |
190812s2019 dcuab ob f000 0 eng c |
| 005 |
20230113210932.6 |
| 035 |
|
|
|a (OCoLC)on1148165817
|
| 040 |
|
|
|a VT2
|b eng
|e rda
|e pn
|c VT2
|d OCLCQ
|d GPO
|d MvI
|
| 042 |
|
|
|a pcc
|
| 043 |
|
|
|a n-us---
|
| 049 |
|
|
|a WWW
|
| 074 |
|
|
|a 0546-D (online)
|
| 086 |
0 |
|
|a GA 1.13:GAO-19-226
|
| 088 |
|
|
|a GAO-19-226
|
| 110 |
1 |
|
|a United States.
|b Government Accountability Office,
|0 https://id.loc.gov/authorities/names/no2004066329
|e author.
|
| 245 |
1 |
0 |
|a Public school choice: limited options available for many American Indian and Alaska Native students : report to congressional requesters.
|
| 246 |
3 |
0 |
|a Limited options available for many American Indian and Alaska Native students
|
| 264 |
|
1 |
|a Washington, DC :
|b United States Government Accountability Office,
|c 2019.
|
| 300 |
|
|
|a 1 online resource (iii, 33 pages) :
|b color illustrations, color map
|
| 336 |
|
|
|a text
|b txt
|2 rdacontent
|
| 337 |
|
|
|a computer
|b c
|2 rdamedia
|
| 338 |
|
|
|a online resource
|b cr
|2 rdacarrier
|
| 500 |
|
|
|a "January 2019."
|
| 500 |
|
|
|a "GAO-19-226."
|
| 500 |
|
|
|a GPO Cataloging Record Distribution Program (CRDP).
|
| 504 |
|
|
|a Includes bibliographical references.
|
| 588 |
|
|
|a Description based on online resource, PDF version; title from cover (GAO, viewed on Oct. 24, 2022).
|
| 650 |
|
0 |
|a School choice
|0 https://id.loc.gov/authorities/subjects/sh85118256
|z United States.
|0 https://id.loc.gov/authorities/names/n78095330-781
|
| 650 |
|
0 |
|a Public schools
|0 https://id.loc.gov/authorities/subjects/sh85108801
|z United States.
|0 https://id.loc.gov/authorities/names/n78095330-781
|
| 650 |
|
0 |
|a Indians of North America
|x Education.
|0 https://id.loc.gov/authorities/subjects/sh85065252
|
| 650 |
|
0 |
|a Alaska Natives
|0 https://id.loc.gov/authorities/subjects/sh2009007114
|x Education.
|0 https://id.loc.gov/authorities/subjects/sh99005758
|
| 856 |
4 |
0 |
|u https://purl.fdlp.gov/GPO/gpo187910
|t 0
|
| 999 |
f |
f |
|s 72a5455d-939c-4e74-9f8b-1f48b58b1e19
|i 6949f2d7-293a-4487-86c5-c7782c1a2579
|t 0
|
| 952 |
f |
f |
|a Texas A&M University
|b College Station
|c Electronic Resources
|d Available Online
|t 0
|e GA 1.13:GAO-19-226
|h Superintendent of Documents classification
|
| 998 |
f |
f |
|a GA 1.13:GAO-19-226
|t 0
|l Available Online
|